| 000 | 00517cam a22002052a 4500 | ||
|---|---|---|---|
| 001 | 020963 | ||
| 003 | AR-FADEU | ||
| 008 | 311216n1998####xxu####################dd | ||
| 020 | _a950-07-0864-7 | ||
| 092 |
_a303.4 _bD794-6 _eJLS |
||
| 100 | _aDrucker, Peter F. | ||
| 245 | _aLa sociedad poscapitalista | ||
| 250 | _a6a. ed | ||
| 260 | _aBuenos Aires | ||
| 260 | _bSudamericana | ||
| 260 | _c1998 | ||
| 300 | _a185 p | ||
| 650 | _aSOCIEDAD POSTCAPITALISTA; CAMBIO SOCIAL-POSTCAPITALISMO/JLS/ | ||
| 942 | _cJLS | ||
| 999 |
_c26682 _d26682 |
||